Městský okruh v Praze - hloubené tunely Letná
| Main Authors: | , |
|---|---|
| Format: | Article |
| Language: | Slovak Czech English |
| ISSN: | 1335-0846 |
| Subjects: |
MARC
| LEADER | 00000nab a2200000 a 4500 | ||
|---|---|---|---|
| 001 | vtls010130472 | ||
| 003 | SK-MaSNL | ||
| 005 | 20260305005040.0 | ||
| 008 | 250507c2010 xo ||||||||||||00 b|slo | ||
| 015 | |a SNBRB2010/09 |2 snkbucl | ||
| 035 | |a (uuid)ca06d7e3-3b5c-4378-8cdf-3337f6a8868b | ||
| 035 | |a urn:nbn:sk:snk-abf5vk | ||
| 035 | |a (urnnbn)urn:nbn:sk:snk:ar-007i3y | ||
| 038 | |a SNKBUCL | ||
| 040 | |a SNKBUCL |b slo |c SNKBUCL |e AACR2 | ||
| 041 | 0 | |a cze |a eng | |
| 044 | |a xo |c SK | ||
| 080 | |a 624.195 |x (437.3) |2 2001 | ||
| 080 | |a 625.712.35 |2 2001 | ||
| 100 | 1 | |a Jelínek, Petr |4 aut |9 494655 | |
| 245 | 1 | 0 | |a Městský okruh v Praze - hloubené tunely Letná |c Petr Jelínek, Josef Richtr |
| 246 | 3 | 1 | |a City circle road in Prague - excavated tunnels Letná |
| 546 | |a Res. angl. | ||
| 650 | 0 | 7 | |a cestné tunely |2 snkbucl |9 60200 |
| 650 | 0 | 7 | |a tunelové staviteľstvo |2 snkbucl |9 1062276 |
| 650 | 0 | 7 | |a cestné okruhy |2 snkbucl |9 1583410 |
| 651 | 7 | |a Praha (Česko) |2 snkbucl |9 19313 | |
| 651 | 7 | |a Letná (Praha, Česko) |2 snkbucl |9 403859 | |
| 655 | 7 | |a štúdie |2 SNKPH |9 57033 | |
| 700 | 1 | |a Richtr, Josef |4 aut |9 1583411 | |
| 773 | 0 | |t Inžinierske stavby = Inženýrské stavby |g Roč. 58, č. 4 (2010), s. 54-55 |x 1335-0846 | |
| 850 | |a Slovenská národná knižnica | ||
| 852 | |a Slovenská národná knižnica | ||
| 954 | |a odborná, vedecká literatúra cudzojazyčná (svetová) |2 lita | ||
| 958 | |a article2022 | ||
| 958 | |a CZ | ||
| 958 | |a OND | ||
| 958 | |a EUIPO | ||
| 999 | |c 3238713 |d 3240643 | ||


